• 首页
  • 本馆介绍
  • 公告通知
  • 最新文献
  • 馆藏检索
  • 电子资源
  • 读者导购
  • 参考咨询
  • 我的图书馆
  • 登录
  • 详细信息显示
  • 放入我的书架
  • 预约/预借图书
  • 作者相关作品
  • 分类相关作品
  • 丛书相关作品
  • 出版社相关作品

书目信息

  • 表格格式
  • 工作单格式
  • 卡片格式
书名: Nicaragua
作者: by Joseph Collins with Frances Moore Lappe? and Nick Allen, Paul Rice.
分册号:
分册名:
出版地: New York :
 
出版社: Grove Press
出版时间: 1986.
页数: xvii, 311 p. :
开本: 22 cm.
丛书名:
中图分类号:
科图分类号:
其他分类号: S-01
主题词:
电子资源:
000 01369nam a2200373 a 450
001 E0757364312
005 20070513160045.03
008 860311s1986 nyua b 000 0 eng
010    @a86045424
020    @a0394556259.
035    @A(DLC) 86045424
040    @aDLC@cDLC@dDLC
043    @ancnq---
050 00 @aHD1817@b.C639 1986
082 00 @a338.1/097285@2 19
090    @aS-01
099    @dS-01@ex2
100 1  @aCollins, Joseph,@d1945-
245 10 @aNicaragua :@bwhat difference could a revolution make? : food and farming in the New Nicaragua / @cby Joseph Collins with Frances Moore Lappe? and Nick Allen, Paul Rice.
250    @a1st Grove Press ed.
260    @aNew York :@bGrove Press,@c1986.
300    @axvii, 311 p. :@bill. ;@c22 cm.
500    @a"A Food First book."
500    @a"3rd updated and revised edition"--Dust jacket.
504    @a"Nicaragua resource guide": p. 305-311.
504    @aBibliography: p. 297-303.
650  0 @aLand tenure@zNicaragua.
650  0 @aAgriculture@xEconomic aspects@zNicaragua.
650  0 @aLand reform@zNicaragua.
650  0 @aFood supply@zNicaragua.
906    @a7@bcbc@corignew@d2@eocip@f19@gy-gencatlg
922    @aco
955    @abx24 to br00 08-05-88; br11 to SCD 10-17-89; fe10 01-25-89; fl27 02-08-89
991    @bc-GenColl@hHD1817@i.C639 1986@p00005034243@tCopy 1@wBOOKS
    
    Nicaragua : : what difference could a revolution make? : food and farming in the New Nicaragua / / by Joseph Collins with Frances Moore Lappe? and Nick Allen, Paul Rice.-1st Grove Press ed.-New York : : Grove Press, , 1986.
    xvii, 311 p. : : ill. ; ; 22 cm.
    "A Food First book." .-"3rd updated and revised edition"--Dust jacket.-"Nicaragua resource guide": p. 305-311.-Bibliography: p. 297-303.
    
    ISBN 0394556259.
    
●
相关链接 在E读中查询图书 在五车中查询图书 在当当中查询图书 在豆瓣中查询图书


正题名:Nicaragua     索取号:S-01/x2         预约/预借

序号 登录号 条形码 馆藏地/架位号 状态 备注
1 0007123   300071231   第二样本阅览室/ [索取号:S-01/x2] 在馆    
唐山师范学院图书馆 欢迎您!
大连网信软件有限公司© 版权所有